000 06409cam a22018854i 4500
003 PE-LiUPU
005 20250813165850.0
008 150706s2011 ck a r 000 0 spa d
020 _a9789588443089
035 _a(Sirsi) i9789588443089
040 _aPE-LiUPU
_bspa
_cPE-LiUPU
_erda
049 _aPRUA
082 0 4 _a614
_bM19
_221
100 1 _aMalagón-Londoño, Gustavo,
_eautor.
245 1 0 _aSalud pública perspectivas /
_cGustavo Malagón -Londoño, Álvaro Moncayo Medina.
250 _a2a. edición.
264 1 _aBogotá :
_bMedica Internacional,
_c2011.
300 _a677 páginas :
_bilustraciones ;
_c24 centímetros
336 _atext
_2rdacontent
337 _aunmediated
_2rdamedia
338 _avolume
_2rdacarrier
505 0 _aEl ámbito de la salud pública -- Responsabilidad y cobertura de la salud pública -- Nuevas dimensiones de la salud pública -- La equidad en salud y corrientes de reforma en servicios de atención de la enfermedad -- Participación comunitaria en atención primaria y planeación local en salud -- Formulación de un plan local de salud -- Principios orientadores de la salud pública desde el derecho a la salud -- Bioética y la salud pública -- La higiene y la salud pública en la perspectiva de las medicinas tradicionales y de las terapias alternativas -- Los métodos de la salud pública -- Sistemas de información en salud -- Estudios epidemiológicos. Encuestas y vigilancia epidemiológica -- Demografía y salud: la transición epidemiológica -- Métodos moleculares y su aplicación en salud pública -- Gestión del riesgo en salud pública -- Métodos estadísticos para el análisis en salud pública -- Metodología cualitativa y participativa en salud pública -- La práctica de la salud pública -- La perspectiva europea de los grandes problemas de salud pública -- La perspectiva latinoamericana de los grandes problemas de salud pública -- Contaminación ambiental y enfermedad respiratoria -- Contaminación del agua y enfermedad diarreica -- Contaminación del suelo y salud -- Zoonosis: infecciones transmisibles en condiciones naturales de los animales vertebrados a los seres humanos -- Geografía y salud. Las enfermedades tropicales "olvidadas" y sus determinantes económicos -- Enfermedades crónicas -- El adulto mayor y la salud pública -- Lesiones por traumatismo o envenenamiento como problemas de salud pública.
526 _aP203
526 _aP200
526 _aSEG65
526 _aSEG64
526 _aSEG63
526 _aSEG62
526 _aSEG61
526 _aSEG60
526 _aSEG59
526 _aSEG58
526 _aSEG57
526 _aSEG56
526 _aSEG55
526 _aSEG54
526 _aSEG53
526 _aSEG52
526 _aSEG51
526 _aSEG50
526 _aSEG49
526 _aSEG48
526 _aSEG47
526 _aSEG46
526 _aSEG24
526 _aSEG23
526 _aSEG22
526 _aSEG21
526 _aSEG20
526 _aSEG19
526 _aSEG18
526 _aSEG17
526 _aSEG16
526 _aSEG14
526 _aSEG13
526 _aSEG12
526 _aSEG11
526 _aSEG10
526 _aSEG09
526 _aSEG06
526 _aSEG05
526 _aSEG04
526 _aSEG03
526 _aSEG02
526 _aSEG68
526 _aSEG66
526 _aSEG45
526 _aSEG25
526 _aSEG01
526 _aP163
526 _aP162
526 _aP161
526 _aP160
526 _aP159
526 _aP158
526 _aP157
526 _aP156
526 _aP155
526 _aP154
526 _aP153
526 _aP152
526 _aP151
526 _aP150
526 _aP149
526 _aP142
526 _aP141
526 _aP140
526 _aP139
526 _aP138
526 _aP137
526 _aP132
526 _aP131
526 _aP130
526 _aP126
526 _aP125
526 _aP124
526 _aP123
526 _aP115
526 _aP122
526 _aP121
526 _aP116
526 _a P114
526 _aP112
526 _aP111
526 _aP104
526 _aP103
526 _aP102
526 _aP101
526 _aP100
526 _aP96
526 _aP95
526 _aP93
526 _aP92
526 _aP91
526 _aP88
526 _aP83
526 _aP82
526 _aP79
526 _aP78
526 _aP75
526 _aP74
526 _aP71
526 _aP69
526 _a P51
526 _aP49
526 _aP48
526 _aP47
526 _aP33
526 _aP31
526 _a P30
526 _aP29
526 _aP27
526 _aP26
526 _aP25
526 _aP24
526 _a P22
526 _aP10
526 _aP09
526 _a P08
526 _aP06
526 _aP05
526 _aP04
526 _aP01
541 _g0001-0000123;
650 0 4 _aSalud Pública.
_9205
650 0 4 _aParticipación comunitaria en salud.
650 0 4 _aServicios de salud para la comunidad.
650 0 4 _aEvaluación de riesgos contra la salud.
650 0 4 _aPlanificación de la salud.
_9207
700 1 _aMoncayo Medina, Álvaro,
_eautor.
910 _bjv
_clch
_d20120706
942 _2ddc
_cBOOK
949 _a614 M19
_wDEWEY
_c1
_i65090
_lCCODEBUL1
_mBUL
_p90.00
_r0
_sY
_tBOOK
_u2015-07-06
_xSALUD
_PP22
_0COMPRA
_o.CIRCNOTE. El documento es muy costoso.
_o.STAFF. Colección General
949 _a614 M19
_wDEWEY
_c2
_i71317
_lCCODEBUL1
_mBUL
_p75.00
_r0
_sY
_tBOOK
_u2015-08-19
_xSALUD
_PP22
_0COMPRA
_o.CIRCNOTE. El documento es muy costoso.
_o.STAFF. Colección General
994 _aC0
_bPEPRU
596 _a1
999 _a614 M19
_wDEWEY
_c53755
_i65090
_d53755
_e2017-9-10
_f2021-11-4
_g5
_lCCODEBUL1
_mBUL
_n3
_p90.00
_q1
_r0
_sY
_tBOOK
_u2015-7-6
_xSALUD
_PP22
_0COMPRA
_o.CIRCNOTE. El documento es muy costoso.
_o.STAFF. Colección Ciencias de la Salud
999 _a614 M19
_wDEWEY
_c2
_i71317
_d2019-11-6
_e2016-9-18
_f2021-11-4
_g6
_lCCODEBUL1
_mBUL
_n1
_p75.00
_q2
_r0
_sY
_tBOOK
_u2015-8-19
_xSALUD
_PP22
_0COMPRA
_o.CIRCNOTE. El documento es muy costoso.
_o.STAFF. Colección Ciencias de la Salud
980 _81
_gALBERTO SANCHEZ Responsable de Automatización